| 000 | 00919nam a22002177a 4500 | ||
|---|---|---|---|
| 999 |
_c157640 _d157640 |
||
| 005 | 20190916172249.0 | ||
| 010 | _aB-706492 B-730000 | ||
| 020 |
_a9780143423928 _c250.00 |
||
| 035 | _aB-706492 | ||
| 035 | _aB-730000 | ||
| 037 | _bGift | ||
| 082 | _aS | ||
| 100 | _aMurty, Sudha | ||
| 245 |
_aSomething happened on the way to heaven: _cby Sudha Murty _b20 inspiring real life stories / |
||
| 260 |
_aNew Delhi _bPenguin Books India _c2014 |
||
| 270 |
_a7th Floor, Infinity Tower C, DLF Cyber City _bGurgaon (Haryana) _e122002 |
||
| 300 |
_axi, 201p. _c20cm (pbk) |
||
| 942 |
_adpl _cCH _2ddc _hS _mMUR |
||